=LDR 00000nam 2200000 4500 =001 INLIS000000000006144 =005 20251105080834 =035 ##$$a 0010-1125000018 =007 ta =008 251105###########################0#ind## =082 ##$$a 363.9 =084 ##$$a 363.9 AAN p =100 #$$a Aan Faridatul Alawiyah =245 1#$$a Pentingnya Peran Bina Keluarga Balita Dalam Meningkatkan Potensi Sumber Daya Manusia /$c Badan Koordinasi Keluarga Berencana Nasional =260 ##$$a Karawang :$b Badan Koordinasi Keluarga Berencana Nasional,$c 1993 =300 ##$$a 10 : $b Ilus ; $c 21 =650 #4$$a Keluarga Berencana =856 ##$$a Perpustakaan Kemendukbangga